Spon's external works and landscape price book 2007 (Record no. 105740)

MARC details
000 -LEADER
fixed length control field 01193cam a2200301 4500
001 - CONTROL NUMBER
control field ##L134603
008 - FIXED-LENGTH DATA ELEMENTS--GENERAL INFORMATION
fixed length control field 060818n2007 000 0 eng u
020 ## - INTERNATIONAL STANDARD BOOK NUMBER
International Standard Book Number 0415393841
035 ## - SYSTEM CONTROL NUMBER
System control number (Sirsi) u134603
041 0# - LANGUAGE CODE
Language code of text/sound track or separate title eng
050 04 - LIBRARY OF CONGRESS CALL NUMBER
Classification number 712.3 $2 18
245 00 - TITLE STATEMENT
Title Spon's external works and landscape price book 2007
250 ## - EDITION STATEMENT
Edition statement 26th ed.
260 ## - PUBLICATION, DISTRIBUTION, ETC.
Place of publication, distribution, etc. Abingdon
Name of publisher, distributor, etc. Taylor and Francis
Date of publication, distribution, etc. 2007
300 ## - PHYSICAL DESCRIPTION
Extent xxvi, 406p. $2 5cm.
350 ## - PRICE (NR) (BK AM CF MU VM SE) [OBSOLETE]
Price 95
520 ## - SUMMARY, ETC.
Summary, etc. Provides a comprehensive source of information for detailed landscape and external works costs, covering all the items to be found in hard and soft landscape contracts. Contents include: cost information; preliminaries; fees for professional services; prices for measured works; approximate estimates; and tables and memoranda.
520 ## - SUMMARY, ETC.
Summary, etc. Supersedes 24th edition (ISBN 0415348447)
520 ## - SUMMARY, ETC.
Summary, etc. Superseded by 27th edition (ISBN 9780415424448).
590 ## - LOCAL NOTE (RLIN)
Local note IKA031006
650 24 - SUBJECT ADDED ENTRY--TOPICAL TERM
Topical term or geographic name entry element SPONS PRICE BOOKS
651 #4 - SUBJECT ADDED ENTRY--GEOGRAPHIC NAME
Geographic name United Kingdom
Chronological subdivision
690 ## - LOCAL SUBJECT ADDED ENTRY--TOPICAL TERM (OCLC, RLIN)
Topical term or geographic name as entry element BUILT ENVIRONMENT-BUILDING COSTS
710 2# - ADDED ENTRY--CORPORATE NAME
Corporate name or jurisdiction name as entry element Davis Langdon
Relator term Editor
9 (RLIN) 4649
710 2# - ADDED ENTRY--CORPORATE NAME
Corporate name or jurisdiction name as entry element LandPro Ltd Landscape Chartered Surveyors
9 (RLIN) 4654
942 ## - ADDED ENTRY ELEMENTS (KOHA)
Suppress in OPAC 0
Holdings
Withdrawn status Lost status Source of classification or shelving scheme Damaged status Not for loan Home library Current library Shelving location Date acquired Cost, normal purchase price Total Checkouts Full call number Barcode Date last seen Date last checked out Copy number Cost, replacement price Price effective from Koha item type
    Dewey Decimal Classification     London London Books 21/09/2006 95.00 2 SHELF 439 30073276 06/08/2019 01/08/2008 1 95.00 06/08/2019 Book